|
|
|
|
| LEADER |
00000cam a2200000 7i4500 |
| 001 |
0000002197 |
| 005 |
20240925.0 |
| 008 |
991128 nyu a eng |
| 040 |
|
|
|a INS
|b eng
|e rda
|
| 090 |
0 |
0 |
|a HG4028
|b .P75 1981
|
| 100 |
1 |
|
|a Pritchard, Robert E. ,
|e author
|
| 245 |
1 |
4 |
|a The strategic evaluation and management of capital expenditures
|c Robert E. Puitchard and Thomas J. Hindeland
|
| 264 |
|
1 |
|a New York :
|b Amacom
|c 1981
|
| 300 |
|
|
|a viii, 326 pages :
|b illustrations ;
|c 23 cm.
|
| 336 |
|
|
|a text
|2 rdacontent
|
| 337 |
|
|
|a unmediated
|2 rdamedia
|
| 338 |
|
|
|a volume
|2 rdacarrier
|
| 504 |
|
|
|a Includes bibliographical references and index
|
| 650 |
|
0 |
|a Capital investments
|
| 650 |
|
0 |
|a Capital investments
|x Evaluation
|
| 700 |
1 |
|
|a Hindeland, Thomas J. ,
|e author
|
| 999 |
|
|
|a 0000000530
|b BOOK
|c Open Shelf
|e Default branch
|